The practice of the Court of Exchequer (Record no. 113968)

MARC details
000 -LEADER
fixed length control field 00713cam a22002175a 4500
001 - CONTROL NUMBER
control field L155998
008 - FIXED-LENGTH DATA ELEMENTS--GENERAL INFORMATION
fixed length control field 120424s1817 xxk f 000 0 eng d
035 ## - SYSTEM CONTROL NUMBER
System control number (Sirsi) u155998
041 0# - LANGUAGE CODE
Language code of text/sound track or separate title eng
100 1# - MAIN ENTRY--PERSONAL NAME
Personal name Fowler, David Burton
245 04 - TITLE STATEMENT
Title The practice of the Court of Exchequer
Remainder of title upon proceedings in equity
250 ## - EDITION STATEMENT
Edition statement 2nd ed., with considerable additions
260 ## - PUBLICATION, DISTRIBUTION, ETC.
Place of publication, distribution, etc. London
Name of publisher, distributor, etc. J. Butterworth
Place of publication, distribution, etc. Dublin
Name of publisher, distributor, etc. J. Cooke
Date of publication, distribution, etc. 1817
300 ## - PHYSICAL DESCRIPTION
Extent 2 v. : forms
Dimensions 22 cm.
520 ## - SUMMARY, ETC.
Summary, etc. Library holds Vol. 1 only.
583 ## - ACTION NOTE
Action Condition reviewed
Time/date of action 20120620
Status condition level 4
651 #4 - SUBJECT ADDED ENTRY--GEOGRAPHIC NAME
Geographic name Great Britain
Chronological subdivision 1707-
690 ## - LOCAL SUBJECT ADDED ENTRY--TOPICAL TERM (OCLC, RLIN)
Topical term or geographic name as entry element Business and management
710 1# - ADDED ENTRY--CORPORATE NAME
Corporate name or jurisdiction name as entry element Great Britain
Subordinate unit Court of Exchequer
9 (RLIN) 6048
942 ## - ADDED ENTRY ELEMENTS (KOHA)
Suppress in OPAC 0
Holdings
Withdrawn status Lost status Damaged status Not for loan Home library Current library Shelving location Date acquired Total Checkouts Full call number Barcode Date last seen Copy number Price effective from Koha item type
        Historic collection Historic collection Historic collection 24/04/2012   PRICES QUARTO 1817 FOWLER 30077935 20/08/2025 1 06/08/2019 Book